Countries Mentioned in Bad Bunny Songs - Sudden Death - Statistics

General Stats
  • This quiz has been taken 75 times
  • The average score is 16 of 23
Answers on the Grid
Answers color-coded by a green-red scale on the quiz's grid according to % correct below.
Argentina
Australia
Bahamas
Canada
Chile
China
Colombia
Cuba
Dominican Republic
Egypt
El Salvador
Fiji
France
Germany
Iceland
India
Ireland
Italy
Jamaica
Maldives
Mexico
Monaco
Nigeria
North Korea
Panama
Peru
Russia
San Marino
Saudi Arabia
Singapore
United States
Vatican City
Venezuela
 
Answer Stats
Answer % Correct
Loca Argentina
95%
Hablamos mañana Chile
87%
Tranquilo Colombia
85%
Teléfono nuevo Cuba
85%
Soy El Diablo (Remix) Mexico
85%
Vuelve Candy B United States
84%
Báilame (Remix) Venezuela
82%
Un Preview Dominican Republic
81%
Un Coco El Salvador
81%
Mercedes Carota Peru
81%
Vuelve Candy B France
79%
Monaco Monaco
77%
Yo le llego Panama
74%
Original Italy
71%
La Cartera Jamaica
71%
Báilame (Remix) Bahamas
65%
Vuelve China
61%
Baticano Germany
48%
Baticano Vatican City
48%
El apagón Maldives
47%
Original Fiji
44%
Cuando perriabas Singapore
39%
Coco Chanel San Marino
32%
No matching quizzes found
Score Distribution
Percent of People with Each Score
Percentile by Number Answered
Your Score History
You have not taken this quiz